मेरे साक्षात्कार / (Record no. 49625)
[ view plain ]
| 000 -LEADER | |
|---|---|
| fixed length control field | 01275nam a22002537a 4500 |
| 005 - DATE AND TIME OF LATEST TRANSACTION | |
| control field | 20080915150959.0 |
| 008 - FIXED-LENGTH DATA ELEMENTS--GENERAL INFORMATION | |
| fixed length control field | 080915t xxu||||| |||| 00| 0 hin d |
| 010 ## - LCCN (DPL NO) | |
| LC control number | HIN-91430 |
| 020 ## - INTERNATIONAL STANDARD BOOK NUMBER | |
| International Standard Book Number | 9788170164427 |
| Terms of availability | 235.00 |
| 035 ## - SYSTEM CONTROL NUMBER | |
| System control number | HN-63776 |
| 037 ## - SOURCE OF ACQUISITION | |
| Source of stock number/acquisition | DBAD / PUB |
| 040 ## - CATALOGING SOURCE | |
| Original cataloging agency | DPL |
| Language of cataloging | HN |
| 082 ## - DEWEY DECIMAL CLASSIFICATION NUMBER | |
| Classification number | 821.08 |
| 100 ## - MAIN ENTRY--PERSONAL NAME | |
| Personal name | नारायण, कुँवर |
| 9 (RLIN) | 25136 |
| 245 ## - TITLE STATEMENT | |
| Title | मेरे साक्षात्कार / |
| Statement of responsibility, etc | कुँवर नारायऩ; विनोद भारद्वाज द्वारा संपादित |
| 246 ## - VARYING FORM OF TITLE | |
| Title proper/short title | mere Saakshaatkaar |
| Remainder of title | by Kunwar Nrain |
| 260 ## - PUBLICATION, DISTRIBUTION, ETC. (IMPRINT) | |
| Place of publication, distribution, etc | नई दिल्ली |
| Name of publisher, distributor, etc | किताबघर प्रकाशन |
| Date of publication, distribution, etc | 2010 |
| 270 ## - ADDRESS | |
| Address | 4855-56/24, अंसारी रोड, दरियागंज |
| City | नई दिल्ली |
| Postal code | 110002 |
| 300 ## - PHYSICAL DESCRIPTION | |
| Extent | 159पृ |
| Dimensions | 22 सेमी(सजिल्द) |
| 490 ## - SERIES STATEMENT | |
| Series statement | (मेरे साक्षात्कार सीरीज़) |
| -- | 28539 |
| 700 ## - ADDED ENTRY--PERSONAL NAME | |
| Personal name | भारद्वाज, विनोद |
| 9 (RLIN) | 25138 |
| 942 ## - ADDED ENTRY ELEMENTS (KOHA) | |
| Institution code [OBSOLETE] | dpl |
| Item type | Hindi Books |
| Source of classification or shelving scheme | Dewey Decimal Classification |
| Call number suffix | नाराय |
| Classification part | 821.08 |
| Withdrawn status | Lost status | Source of classification or shelving scheme | Damaged status | Not for loan | Collection code | Home library | Current library | Date acquired | Source of acquisition | Cost, normal purchase price | Total Checkouts | Full call number | Barcode | Date last seen | Copy number | Cost, replacement price | Koha item type |
|---|---|---|---|---|---|---|---|---|---|---|---|---|---|---|---|---|---|
| Dewey Decimal Classification | Not For Loan | Non-fiction | D.B.Act.Division | D.B.Act.Division | 29/12/2010 | DBAD /PUB | 235.00 | 821.08नाराय | HN-63776 | 29/12/2010 | 1 | 235.00 | Hindi Books |
